O lidech a životě /

Uložené v:
Podrobná bibliografia
Hlavný autor: Koukolík, František, 1941- (Author)
Médium: Kniha
Jazyk:Czech
Vydané: Praha : Galén, 2018.
Vydanie:První vydání
Edícia:Makropulos
Témy:
ISBN: 9788074923685 (viaz.)
Fyzický popis: 453 strán ; 20 cm.
Tagy: Pridať tag
Žiadne tagy, Buďte prvý kto otaguje tento záznam!

MARC

LEADER 00000nam a2200000 a 4500
001 000593321
005 20181022103241.0
008 180528t20182018xr e 000 e cze d
020 |a 9788074923685 (viaz.) 
040 |a SVKKK  |b slo  |c SVKKK  |e AACR2 
041 0 |a cze 
044 |a xr  |c CZ 
072 7 |a 316.3  |x Globálne spoločnosti. Sociálna štruktúra. Sociálne skupiny  |2 konspekt 
080 |a 316.7+008  |2 2011 
080 |a 316.3  |2 2011 
080 |a 123.1  |2 2011 
080 |a 316.423  |2 2011 
080 |a 159.95  |2 2011 
080 |a 316.3/.6  |2 2011 
080 |a 316.64  |2 2011 
080 |a (0:82-4)  |2 2011 
100 1 |a Koukolík, František,  |d 1941-  |4 aut 
245 1 0 |a O lidech a životě /  |c František Koukolík. 
250 |a První vydání 
260 |a Praha :  |b Galén,  |c 2018. 
300 |a 453 strán ;  |c 20 cm. 
490 1 |a Makropulos 
504 |a Bibliografia: s. 429-[454] 
648 7 |a 21. stor.  |2 SVKKKPH 
650 0 7 |a civilizácie  |x prognózy  |2 SVKKKPH 
650 0 7 |a spoločnosť  |2 SVKKKPH 
650 0 7 |a sloboda  |2 SVKKKPH 
650 0 7 |a globálne problémy  |2 SVKKKPH 
650 0 7 |a ľudské správanie  |2 SVKKKPH 
650 0 7 |a človek a spoločnosť  |2 SVKKKPH 
650 0 7 |a názory a postoje  |2 SVKKKPH 
650 0 7 |a civilization  |x forecasting  |2 SVKKKPHeng 
650 0 7 |a society  |2 SVKKKPHeng 
650 0 7 |a liberty  |2 SVKKKPHeng 
650 0 7 |a global problems  |2 SVKKKPHeng 
650 0 7 |a human behavior  |2 SVKKKPHeng 
650 0 7 |a man and society  |2 SVKKKPHeng 
650 0 7 |a views and attitudes  |2 SVKKKPHeng 
655 7 |a fejtóny  |2 SVKKKPH 
655 7 |a eseje  |2 SVKKKPH 
655 7 |a feuilletons  |2 SVKKKPHeng 
655 7 |a essays  |2 SVKKKPHeng 
830 0 |a Makropulos 
910 |a svkkk 
919 |a 978-80-7492-368-5 
998 |a BK 
090 |g SCKHL  |k Sklad Hlavná 10 prízemie  |a III.243645  |j 1091591  |i 2720564096  |s Absenčne